|
|
|
|
| LEADER |
01509nam a2200409Ia 4500 |
| 001 |
EBC1250098 |
| 003 |
MiAaPQ |
| 005 |
20200520144314.0 |
| 006 |
m o d | |
| 007 |
cr cn||||||||| |
| 008 |
130719s2013 enk sb 000 0 eng d |
| 020 |
|
|
|z 9781781907559
|
| 020 |
|
|
|z 9781781907542
|
| 035 |
|
|
|a (MiAaPQ)EBC1250098
|
| 035 |
|
|
|a (Au-PeEL)EBL1250098
|
| 035 |
|
|
|a (CaPaEBR)ebr10732064
|
| 035 |
|
|
|a (CaONFJC)MIL503095
|
| 035 |
|
|
|a (OCoLC)851474159
|
| 040 |
|
|
|a MiAaPQ
|c MiAaPQ
|d MiAaPQ
|
| 050 |
|
4 |
|a HF1430.B45
|b N66 2013
|
| 082 |
0 |
4 |
|a 382.7
|2 23
|
| 100 |
1 |
|
|a Beghin, John C.
|
| 245 |
1 |
0 |
|a Nontariff measures with market imperfections
|h [electronic resource] :
|b trade and welfare implications /
|c edited by John C. Beghin.
|
| 260 |
|
|
|a Bradford :
|b Emerald Group Publishing Limited,
|c 2013.
|
| 300 |
|
|
|a xvi, 310 p.
|
| 490 |
1 |
|
|a Frontiers of economics and globalization ;
|v v.12
|
| 504 |
|
|
|a Includes bibliographical references.
|
| 533 |
|
|
|a Electronic reproduction. Ann Arbor, MI : ProQuest, 2015. Available via World Wide Web. Access may be limited to ProQuest affiliated libraries.
|
| 650 |
|
0 |
|a Free trade.
|
| 650 |
|
0 |
|a Non-tariff trade barriers.
|
| 655 |
|
4 |
|a Electronic books.
|
| 700 |
1 |
|
|a Beladi, Hamid.
|
| 700 |
1 |
|
|a Choi, E. Kwan.
|
| 700 |
1 |
|
|a University, Iowa State.
|
| 710 |
2 |
|
|a ProQuest (Firm)
|
| 830 |
|
0 |
|a Frontiers of economics and globalization ;
|v 12.
|
| 856 |
4 |
0 |
|u https://ebookcentral.proquest.com/lib/matrademy/detail.action?docID=1250098
|z Click to View
|